01447nam a2200337   4500003000900000005001700009008004100026040004600067041001300113082002700126092000700153099003500160100003600195245015300231264008700384300003000471336002200501337002400523338003300547490004400580504005000624650005600674650004700730651001000777700003700787856005700824905001300881942001900894999001700913952017900930EG-GICUC20260121101345.0251125s1936    ua	||||fr|||| 00| 0 ara d  a EG-GICUCbarac EG-GICUCd EG-GICUCerda1 aaraheng04221a341.66bر م . ن04221  aLaw1 11	341.66 ر م . ن	19360 a رمزى ميورeمؤلف.12aالنتائج السياسية للحرب العظمى /cتأليف رمزى ميور ؛ ترجمه الى العربية محمد بدران. 1aالقاهرة :bلجنة التاليف و الترجمة و النشر،c1936.  a375  صفحة ;c24 سم.  2rda contentatext  2rda mediaaComputer  2rda carrieraOnline Resource  3سلسلة المعارف العامة.  a. 240-220 ببليوجرافيا: صفحات.1 aنهاية الحرب x قانون دولي2qrmak1 aالحرب العالمية الثانية1 2qrmak  aمحمد بدرانeمترجم.40uhttps://fll.law.cu.edu.eg/fulltext/bks/B11-06081.pdf  a75eYara  2ddcn0cBKe21  c46045d46045  00102ddc40718القانون الدولي العامaCUbLAW1d2025-11-25l0oLaw1 11	341.66 ر م . ن	1936 1106081	C1pB11-06081r2025-11-25 20:43:27t1w2025-11-25yBK